American History: A brief view through reconstruction / (Record no. 194305)
[ view plain ]
| 000 -LEADER | |
|---|---|
| fixed length control field | 00643 a2200169 4500 |
| 003 - CONTROL NUMBER IDENTIFIER | |
| control field | Nust |
| 005 - DATE AND TIME OF LATEST TRANSACTION | |
| control field | 20230504125952.0 |
| 040 ## - CATALOGING SOURCE | |
| Transcribing agency | Nust |
| 082 ## - DEWEY DECIMAL CLASSIFICATION NUMBER | |
| Classification number | 973,ING |
| 100 ## - MAIN ENTRY--PERSONAL NAME | |
| Personal name | H.L .Ingle |
| 245 ## - TITLE STATEMENT | |
| Title | American History: A brief view through reconstruction / |
| Remainder of title | H.L.Ingle |
| 260 ## - PUBLICATION, DISTRIBUTION, ETC. | |
| Place of publication, distribution, etc. | Boston |
| Name of publisher, distributor, etc. | Little Brown Cop |
| Date of publication, distribution, etc. | 1978 |
| 300 ## - PHYSICAL DESCRIPTION | |
| Extent | xi,499 p |
| 505 ## - FORMATTED CONTENTS NOTE | |
| Formatted contents note | Civil War and Beyond (Page-247), The Gilded Age (Page-293), Progressivism Tinkering with Liberal Democracy (Page-345), The Search for Security the New Deal and War (Page-393), The Challenge of Liberation (Page-441). |
| 650 ## - SUBJECT ADDED ENTRY--TOPICAL TERM | |
| Topical term or geographic name entry element | American History |
| 9 (RLIN) | 109008 |
| 942 ## - ADDED ENTRY ELEMENTS (KOHA) | |
| Source of classification or shelving scheme | |
| Koha item type | Book |
| Call number prefix | 973,ING |
| Withdrawn status | Lost status | Source of classification or shelving scheme | Damaged status | Not for loan | Permanent Location | Current Location | Shelving location | Date acquired | Full call number | Barcode | Date last seen | Price effective from | Koha item type | Public note |
|---|---|---|---|---|---|---|---|---|---|---|---|---|---|---|
| Military College of Signals (MCS) | Military College of Signals (MCS) | General Stacks | 12/12/2016 | 973,ING | MCS21813 | 12/08/2016 | 12/12/2016 | Book | Almirah No. 75, Shelf No. 8 |
